Koronázás előtt
Elmentve itt :
| Dokumentumtípus: | Cikk |
|---|---|
| Megjelent: |
1916-12-30
|
| Sorozat: | Délmagyarország
5 No. 310 |
| Kulcsszavak: | Koronázás Bécs 1916 |
| Online Access: | http://dmarchiv.bibl.u-szeged.hu/58272 |
| LEADER | 00395nab a2200145 i 4500 | ||
|---|---|---|---|
| 001 | delm58272 | ||
| 005 | 20180927144617.0 | ||
| 008 | 180927s1916 hu o 0|| hun d | ||
| 040 | |a SZTE Délmagyarország Archívum |b hun | ||
| 041 | |a hun | ||
| 245 | 0 | 0 | |a Koronázás előtt |h [elektronikus dokumentum] |
| 260 | |c 1916-12-30 | ||
| 300 | |a 2 | ||
| 490 | 0 | |a Délmagyarország |v 5 No. 310 | |
| 695 | |a Koronázás Bécs 1916 | ||